NBA Players Drawn by AI - Statistics

General Stats
  • This quiz has been taken 103 times
  • The average score is 15 of 16
Answer Stats
Picture Answer % Correct
LeBron James
100%
Jayson Tatum
99%
Steph Curry
99%
Luka Dončić
98%
Nikola Jokić
98%
Giannis Antetokounmpo
95%
Joel Embiid
95%
Kevin Durant
95%
Victor Wembanyama
95%
Ja Morant
94%
Shai Gilgeous-Alexander
94%
Anthony Edwards
93%
Jalen Brunson
90%
Donovan Mitchell
87%
Tyrese Haliburton
87%
Scottie Barnes
86%
No matching quizzes found
Score Distribution
Percent of People with Each Score
Percentile by Number Answered
Your Score History
You have not taken this quiz